Tepelné samovznietenie ako najčastejšie sa vyskytujúce fyzikálno-chemické samovznietenie
Vznik požiaru sa zaraďuje medzi najnebezbečnejšie a najzávažnejšie mimoriadne udalosti, ktoré môžu vzniknúť v spracovateľskom priemysle, alebo v doprave. Pri nedodržaní bezpečnostných, technických, technologických a protipožiarnech predpisov často dochádza k nehodám a haváriám, ktorých hlavnou príči...
Salvato in:
| Autore principale: | |
|---|---|
| Natura: | Capitolo di libro |
| Lingua: | slovacco |
| Soggetti: | |
| Tags: |
Nessun Tag, puoi essere il primo ad aggiungerne!!
|
MARC
| LEADER | 00000naa a2200000 4500 | ||
|---|---|---|---|
| 001 | 0306912 | ||
| 005 | 20250210150942.9 | ||
| 041 | 0 | |a slo | |
| 044 | |a SK | ||
| 245 | 1 | 0 | |a Tepelné samovznietenie ako najčastejšie sa vyskytujúce fyzikálno-chemické samovznietenie |c Iveta Coneva |
| 520 | |a Vznik požiaru sa zaraďuje medzi najnebezbečnejšie a najzávažnejšie mimoriadne udalosti, ktoré môžu vzniknúť v spracovateľskom priemysle, alebo v doprave. Pri nedodržaní bezpečnostných, technických, technologických a protipožiarnech predpisov často dochádza k nehodám a haváriám, ktorých hlavnou príčinou je únik nebezpečnej látky, požiar, alebo explózia, prípadne iné. Požiar, ako forma plameňového, alebo bezplameňového horenia môže byť iniciovaný aj procesmi samovznietenia. | ||
| 610 | 2 | 0 | |a požiare |
| 610 | 2 | 0 | |a požiarovosť |
| 610 | 2 | 0 | |a požiarnictvo |
| 610 | 2 | 0 | |a ochrana civilná |
| 610 | 2 | 0 | |a ochrana majetku |
| 610 | 2 | 0 | |a ochrana ovzdušia |
| 610 | 2 | 0 | |a ochrana požiarna |
| 610 | 2 | 0 | |a ochrana vlastníctva |
| 610 | 2 | 0 | |a ochrana zdravia |
| 100 | 1 | |a Coneva, Iveta | |